Falacias en la economía colombiana / (Registro nro. 5585)

Detalles MARC
000 -LEADER
fixed length control field 00956nam a2200229Ia 4500
003 - CONTROL NUMBER IDENTIFIER
control field OSt
005 - DATE AND TIME OF LATEST TRANSACTION
control field 20200714153459.0
008 - FIXED-LENGTH DATA ELEMENTS--GENERAL INFORMATION
fixed length control field 191128s1979 ck ad gr 000 0 spa d
040 ## - CATALOGING SOURCE
Original cataloging agency CO-JMCR
Transcribing agency CO-JMCR
041 0# - LANGUAGE CODE
Language code of text/sound track or separate title spa
082 04 - DEWEY DECIMAL CLASSIFICATION NUMBER
Classification number 330.986 /
Item number R934f
Edition number 23
100 1# - MAIN ENTRY--PERSONAL NAME
Personal name Ruiz P., Alcides J.,
Relator term autor
9 (RLIN) 7220
245 10 - TITLE STATEMENT
Title Falacias en la economía colombiana /
Statement of responsibility, etc. Alcides J. Ruiz P.
250 ## - EDITION STATEMENT
Edition statement Tercera edición
260 ## - PUBLICATION, DISTRIBUTION, ETC.
Place of publication, distribution, etc. Bogotá :
Name of publisher, distributor, etc. Editorial Herrera Hermanos,
Date of publication, distribution, etc. 1979.
300 ## - PHYSICAL DESCRIPTION
Extent 388 páginas :
Other physical details gráficos a blanco y negro ;
Dimensions 19 cm.
505 0# - FORMATTED CONTENTS NOTE
Formatted contents note La lección fundamental -- La reforma agraria -- El neo-maltusianismo del profesor, la píldora y la explosión demográfica -- ¿Mercado libre? O proteccionismo -- Los controles -- El control de precios -- Sibsidios -- El salario mínimo
650 14 - SUBJECT ADDED ENTRY--TOPICAL TERM
Topical term or geographic name entry element Economía política
9 (RLIN) 7221
650 24 - SUBJECT ADDED ENTRY--TOPICAL TERM
Topical term or geographic name entry element Colombia Economía
9 (RLIN) 7222
650 24 - SUBJECT ADDED ENTRY--TOPICAL TERM
Topical term or geographic name entry element Colombia Salario mínimo
Geographic subdivision Colombia
9 (RLIN) 7223
942 ## - ADDED ENTRY ELEMENTS (KOHA)
Source of classification or shelving scheme Dewey Decimal Classification
Koha item type Books
Existencias
Withdrawn status Lost status Source of classification or shelving scheme Materials specified (bound volume or other part) Damaged status Not for loan Home library Current library Shelving location Date acquired Source of acquisition Total Checkouts Full call number Barcode Date last seen Date last checked out Copy number Price effective from Koha item type
    Dewey Decimal Classification Donación--15/04/2018--     Biblioteca Pública José María del Castillo y Rada Biblioteca Pública José María del Castillo y Rada General Stacks 11/28/2019 Donación 1 330.986 / R934f 430002253 04/24/2026 04/24/2026 Ej.1 11/28/2019 Books